| 000 | 00432nam a2200169Ia 4500 | ||
|---|---|---|---|
| 003 | OSt | ||
| 005 | 20220616141238.0 | ||
| 008 | 211119s9999||||xx |||||||||||||| ||und|| | ||
| 040 | _cSBCL | ||
| 082 |
_a791.437 _bLOH-B |
||
| 100 | _aLohitha Das, A K | ||
| 245 | 0 | _aBharatham | |
| 260 |
_bMathrubhumi Books _a2011 _cKottayam |
||
| 300 | _a102p | ||
| 650 |
_aMalayalam Literature _vMalayalam Screenplay _xGeneral Stack |
||
| 942 | _cBOOK | ||
| 999 |
_c113830 _d113830 |
||